000 00584nam a2200229Ia 4500
003 OSt
005 20220924153328.0
006 a|||||r|||| 00| 0
007 ta
008 220923b |||||||| |||| 00| 0 guj d
024 _a347895
037 _cTextual
040 _aARTS
_cARTS
_bguj
041 _2guj
_aguj
082 _aO156,1K36,17, K3
100 _aBhatt Premshankar
_9228536
245 0 _aSudama charit
260 _c1963
650 _aGUJRATI LITERATURE
942 _hO156,1K36,17, K3
_cTEXL
_2CC
999 _c473167
_d473167